000 01317nam a2200325 a 4500
005 20160817111151.0
008 140311b2000 bl bd|||r|||| 00| 0 por d
020 _a8588192012 (Banco mundial)
020 _a9573000848 (Imazon)
040 _aCO-BoIAVH
_cCO-BoIAVH
041 1 _apor
_heng
044 _abl
082 0 4 _a333.7613
_bA48s
100 1 _aSchneider, Robert R.
_eautor
245 1 0 _aAmazônia sustentável :
_blimitantes e oportunidades para o desenvolvimento rural /
_cRobert R. Schneider [y otros 4]
246 _aSustainable Amazon limitations and opportunities for rural development
260 _aBrasilia :
_bBanco Mundial ;
_bImazon,
_c2000.
300 _a58 páginas :
_bmapas y tablas ;
_c27 x 21 cm.
505 _aVol. 1: versión en portugues
505 _aVol. 2: versión en inglés año de publicación 2002
650 2 6 _aPolítica ambiental
_zAmazonia (Brasil)
650 2 6 _aRecursos forestales
_zAmazonia (Brasil)
650 2 6 _aReservas forestales
_zAmazonia (Brasil)
650 2 6 _aEconomía agrícola
_zAmazonia (Brasil)
700 1 _aArima, Eugenio
_eautor
700 1 _aVeríssimo, Adalberto
_eautor
700 1 _aBarreto, Paulo
_eautor
700 1 _aSouza Júnior, Carlos
_eautor
942 _cINFORME
_2ddc
999 _c3340
_d3340